[Event "C3 Arizona Quads (5)"]
[Site "Phoenix, Ariz."]
[Date "1978.08.17"]
[Round "1"]
[White "Guffrey, Gregg"]
[Black "Moody, David"]
[Result "0-1"]
[WhiteElo "1616"]
[BlackElo "1712"]
[PlyCount "56"]
[EventDate "1978.08.17"]

1. d4 Nf6 2. c4 c5 3. e3 d5 4. Nc3 e6 5. cxd5 exd5 6. Nf3 Be6 7. Bb5+ Nc6 8.
Ne5 Rc8 9. O-O Be7 10. Qa4 Qb6 11. Rd1 O-O 12. Nxc6 bxc6 13. Bf1 Rfd8 14. Rb1
cxd4 15. Qxd4 Bc5 16. Qd3 d4 17. Na4 dxe3 18. Nxb6 exf2+ 19. Kh1 Rxd3 20. Rxd3
Bxb6 21. Rf3 Bxa2 22. Ra1 Re8 23. Bd2 Bd5 24. Rf5 Ng4 25. h3 Ne3 26. Rc1 Nxf5
27. Kh2 Bc7+ 28. g3 Bxg3# 0-1

[Event "C3 Arizona Quads (6)"]
[Site "Phoenix, Ariz."]
[Date "1978.08.18"]
[Round "3"]
[White "Moody, David"]
[Black "DeVico, Joe"]
[Result "1/2-1/2"]
[WhiteElo "1712"]
[BlackElo "1674"]
[PlyCount "40"]
[EventDate "1978.08.18"]

1. e4 c6 2. d4 d5 3. Nc3 dxe4 4. Nxe4 Bf5 5. Ng3 Bg6 6. Nf3 Nd7 7. Bd3 Bxd3 8.
Qxd3 Qc7 9. Bd2 h6 10. O-O e6 11. Rfe1 Ngf6 12. Nf5 g6 13. Ng3 O-O-O 14. c4 c5
15. Qa3 Kb8 16. dxc5 Qxc5 17. Qxc5 Bxc5 18. Bc3 Rhg8 19. Rad1 Nh7 20. Ne4 Be7
1/2-1/2

[Event "C3 Arizona Quads (6)"]
[Site "Phoenix, Ariz."]
[Date "1978.08.18"]
[Round "1"]
[White "Bunts, Paul"]
[Black "Moody, David"]
[Result "0-1"]
[WhiteElo "1109"]
[BlackElo "1712"]
[PlyCount "68"]
[EventDate "1978.08.18"]

1. e4 e5 2. Nf3 Nc6 3. Bb5 a6 4. Ba4 Nf6 5. O-O Be7 6. Re1 b5 7. Bb3 O-O 8. c3
d5 9. exd5 Nxd5 10. d3 Bg4 11. Nbd2 Nf4 12. Bc2 Nxd3 13. Re3 Nf4 14. h3 Bh5 15.
g3 Nxh3+ 16. Kg2 Ng5 17. Qh1 g6 18. Nxg5 Bxg5 19. Re4 f5 20. Re1 Bxd2 21. Bb3+
Kg7 22. Rf1 Qd3 23. Bd1 Qd5+ 24. Kh2 Qxh1+ 25. Rxh1 Bxd1 26. Bxd2 Bf3 27. Rhg1
Rad8 28. Bg5 Rd6 29. Rac1 Nd8 30. c4 Ne6 31. Be3 Rf6 32. cxb5 g5 33. Rgf1 Rh6+
34. Kg1 Rh1# 0-1

[Event "U.S. Open"]
[Site "Phoenix, Ariz."]
[Date "1978.08.18"]
[Round "12"]
[White "Bender, Edward"]
[Black "Moody, David"]
[Result "0-1"]
[WhiteElo "1491"]
[BlackElo "1712"]
[PlyCount "50"]
[EventDate "1978.08.06"]

1. e4 e5 2. Nf3 Nc6 3. Bb5 a6 4. Ba4 Nf6 5. O-O Be7 6. Re1 b5 7. Bb3 O-O 8. c3
d5 9. exd5 Nxd5 10. Nxe5 Nxe5 11. Rxe5 c6 12. d4 Bd6 13. Re1 Qh4 14. g3 Qh3 15.
Nd2 Bg4 16. Nf3 Qh5 17. Kg2 Rae8 18. Be3 Qh3+ 19. Kg1 Nxe3 20. Rxe3 Rxe3 21.
fxe3 Bxg3 22. hxg3 Qxg3+ 23. Kf1 Bxf3 24. Qd3 Qg2+ 25. Ke1 Qg1+ 0-1

[Event "Michigan Open"]
[Site "East Lansing, Mich."]
[Date "1978.09.01"]
[Round "1"]
[White "Moody, David"]
[Black "Fricko, Frank"]
[Result "1-0"]
[WhiteElo "1703"]
[BlackElo "1196"]
[PlyCount "77"]
[EventDate "1978.09.01"]

1. e4 e5 2. Nf3 Nc6 3. Bb5 d6 4. O-O Bd7 5. Re1 Nf6 6. Nc3 Be7 7. d4 O-O 8.
Bxc6 Bxc6 9. dxe5 dxe5 10. Qxd8 Raxd8 11. Nxe5 Be8 12. f3 h6 13. Be3 a6 14.
Rad1 Nd7 15. Nd5 Bd6 16. Nc4 Ne5 17. Nxe5 Bb5 18. Nd3 Kh7 19. e5 Bxd3 20. exd6
Bxc2 21. Rc1 Rxd6 22. Nxc7 Rc6 23. Nd5 Re8 24. Nb4 Rb6 25. Bxb6 Rxe1+ 26. Rxe1
Bg6 27. Re7 a5 28. Bxa5 b5 29. Nc6 Bb1 30. Rxf7 Bxa2 31. Re7 Bd5 32. Nb8 Bc4
33. Bc3 Kg6 34. g4 Kg5 35. Be5 g6 36. Kg2 b4 37. Kg3 h5 38. h4+ Kh6 39. g5# 1-0

[Event "Michigan Open"]
[Site "East Lansing, Mich."]
[Date "1978.09.02"]
[Round "3"]
[White "Moody, David"]
[Black "Skema, Kazys"]
[Result "1-0"]
[WhiteElo "1703"]
[BlackElo "2006"]
[PlyCount "131"]
[EventDate "1978.09.01"]

1. e4 c6 2. d4 d5 3. Nc3 dxe4 4. Nxe4 Bf5 5. Ng3 Bg6 6. Nf3 Nd7 7. h4 h6 8. Bd3
Bxd3 9. Qxd3 e6 10. Bf4 Ne7 11. Ne4 Nc8 12. O-O-O Nf6 13. Rhe1 Nxe4 14. Rxe4
Nd6 15. Bxd6 Bxd6 16. d5 Qf6 17. Qc4 O-O 18. dxe6 Rad8 19. Red4 Be7 20. exf7+
Qxf7 21. Qxf7+ Kxf7 22. Rd7 Rxd7 23. Rxd7 Rb8 24. Kd2 Ke6 25. Rd3 Bf6 26. c3
Kf5 27. g3 Ke4 28. Nd4 Rd8 29. f3+ Ke5 30. Ke3 Be7 31. f4+ Kf6 32. g4 Bc5 33.
Kf3 Bb6 34. Rd2 g6 35. g5+ hxg5 36. hxg5+ Kf7 37. Nb3 Rxd2 38. Nxd2 Ke6 39. Ke4
Bc7 40. Nb3 Bb6 41. Nd4+ Kf7 42. f5 Bc7 43. f6 Bg3 44. a4 a6 45. Nc2 Ke6 46.
Nb4 Bh4 47. Kf4 Be1 48. Nd3 Bd2+ 49. Kg4 Be3 50. Nf4+ Kf7 51. Nd3 Ke6 52. b4 b6
53. c4 Bd2 54. b5 axb5 55. axb5 cxb5 56. cxb5 Be3 57. Nf4+ Kf7 58. Nd5 Bc5 59.
Kf3 Ke6 60. Ke4 Bf2 61. Nf4+ Kf7 62. Nd3 Bg3 63. Ne5+ Ke6 64. Nxg6 Bc7 65. Nf4+
Kf7 66. Kf5 1-0

[Event "Michigan Open"]
[Site "East Lansing, Mich."]
[Date "1978.09.03"]
[Round "5"]
[White "Moody, David"]
[Black "McCue, Mark"]
[Result "0-1"]
[WhiteElo "1703"]
[BlackElo "1835"]
[PlyCount "46"]
[EventDate "1978.09.01"]

1. e4 c5 2. Nf3 Nc6 3. d4 cxd4 4. Nxd4 Nf6 5. Nc3 e5 6. Ndb5 d6 7. Nd5 Nxd5 8.
exd5 Ne7 9. c4 Ng6 10. Qa4 Bd7 11. c5 a6 12. c6 bxc6 13. dxc6 Bxc6 14. Qc2 Bxb5
15. Bxb5+ axb5 16. Qc6+ Ke7 17. f4 Rb8 18. f5 Nf4 19. Bxf4 exf4 20. f6+ Kxf6
21. Kd2 Qe8 22. Qc3+ Qe5 23. Qb4 Qe3+ 0-1

[Event "Michigan Open"]
[Site "East Lansing, Mich."]
[Date "1978.09.03"]
[Round "4"]
[White "Ellenberg, Abe"]
[Black "Moody, David"]
[Result "1-0"]
[WhiteElo "2220"]
[BlackElo "1703"]
[PlyCount "47"]
[EventDate "1978.09.01"]

1. e4 e5 2. Nf3 Nc6 3. Bc4 Nf6 4. Ng5 d5 5. exd5 Na5 6. Bb5+ c6 7. dxc6 bxc6 8.
Be2 h6 9. Nf3 e4 10. Ne5 Qd4 11. f4 Bc5 12. Rf1 Qd8 13. c3 Nd5 14. Qa4 O-O 15.
Qxe4 Qh4+ 16. Kd1 Rd8 17. d4 Be6 18. Bd3 Nf6 19. Qe2 Ng4 20. Nd2 Nxe5 21. fxe5
Bxd4 22. Nf3 Qh5 23. cxd4 Bg4 24. h3 1-0

[Event "Michigan Open"]
[Site "East Lansing, Mich."]
[Date "1978.09.04"]
[Round "6"]
[White "Walmsley, Blake"]
[Black "Moody, David"]
[Result "0-1"]
[WhiteElo "1465"]
[BlackElo "1703"]
[PlyCount "44"]
[EventDate "1978.09.01"]

1. e4 e5 2. Nf3 Nc6 3. d4 exd4 4. Nxd4 Nf6 5. Nxc6 bxc6 6. Bd3 Bc5 7. Bg5 Qe7
8. Qe2 Qe5 9. Bxf6 Qxf6 10. c4 Bd4 11. O-O Bxb2 12. e5 Qxe5 13. Re1 Bxa1 14.
Qxe5+ Bxe5 15. Rxe5+ Kd8 16. Nd2 Re8 17. Rxe8+ Kxe8 18. Bxh7 g6 19. Ne4 Kf8 20.
f4 Kg7 21. Ng5 d5 22. cxd5 cxd5 0-1

[Event "Michigan Open"]
[Site "East Lansing, Mich."]
[Date "1978.09.04"]
[Round "7"]
[White "Moody, David"]
[Black "Hahn, David"]
[Result "1/2-1/2"]
[WhiteElo "1703"]
[BlackElo "699"]
[PlyCount "74"]
[EventDate "1978.09.01"]

1. e4 c5 2. Nf3 d6 3. d4 cxd4 4. Nxd4 Nf6 5. Nc3 a6 6. Bg5 e6 7. f4 Be7 8. Qf3
Qc7 9. O-O-O Nbd7 10. Bd3 h6 11. Bh4 g5 12. fxg5 Ne5 13. Qe2 Nfg4 14. Nf3 hxg5
15. Bg3 Bd7 16. Nxe5 Nxe5 17. Bxe5 dxe5 18. Bc4 O-O-O 19. Rhf1 Rdf8 20. Rf3
Rxh2 21. Bxa6 Bc5 22. Bb5 Bc6 23. Bxc6 Qxc6 24. Rfd3 Bd4 25. Nb5 Kb8 26. Nxd4
exd4 27. Rxd4 Rc8 28. Rd8 Rh4 29. Qd3 Rg4 30. Rxc8+ Qxc8 31. Qd6+ Qc7 32. Qf8+
Ka7 33. Qa3+ Kb8 34. Qf3 Rf4 35. Qe2 Qc6 36. Qd3 Rxe4 37. Qd8+ Ka7 1/2-1/2

[Event "September Mini-Swiss"]
[Site "East Detroit, Mich."]
[Date "1978.09.16"]
[Round "2"]
[White "Moody, David"]
[Black "Ryan, Russ"]
[Result "0-1"]
[WhiteElo "1703"]
[BlackElo "1773"]
[PlyCount "60"]
[EventDate "1978.09.16"]

1. e4 c5 2. Nf3 Nc6 3. d4 cxd4 4. Nxd4 Nf6 5. Nc3 e5 6. Ndb5 d6 7. Nd5 Nxd5 8.
exd5 Ne7 9. c4 Ng6 10. Be3 b6 11. Bd3 Be7 12. O-O f5 13. f3 O-O 14. b4 a6 15.
Nc3 Bg5 16. Bf2 Nf4 17. a4 Qf6 18. Ne2 Nxd3 19. Qxd3 Rb8 20. c5 bxc5 21. bxc5
Rb2 22. Ng3 e4 23. fxe4 Rxf2 24. cxd6 Qb2 25. Rxf2 Qxa1+ 26. Rf1 fxe4 27. Qxe4
Rxf1+ 28. Nxf1 Bd7 29. h4 Bf6 30. g3 Qxa4 0-1

[Event "September Mini-Swiss"]
[Site "East Detroit, Mich."]
[Date "1978.09.16"]
[Round "3"]
[White "McCue, Mark"]
[Black "Moody, David"]
[Result "1/2-1/2"]
[WhiteElo "1835"]
[BlackElo "1703"]
[PlyCount "83"]
[EventDate "1978.09.16"]

1. e4 e5 2. Nf3 Nc6 3. Bb5 a6 4. Ba4 Nf6 5. O-O Be7 6. Re1 b5 7. Bb3 O-O 8. c3
d5 9. exd5 Nxd5 10. Nxe5 Nxe5 11. Rxe5 c6 12. d4 Bd6 13. Re1 Qh4 14. g3 Qh3 15.
Be3 Bg4 16. Qd3 Rae8 17. Nd2 Re6 18. a4 Nxe3 19. Rxe3 Rh6 20. Nf1 Bf5 21. Qe2
Bg4 22. f3 Be6 23. Bxe6 fxe6 24. axb5 axb5 25. Ra6 e5 26. Rxc6 exd4 27. cxd4
Bf4 28. Ree6 Rxe6 29. Qxe6+ Qxe6 30. Rxe6 Bc1 31. f4 Bxb2 32. Rd6 Bc3 33. Kf2
b4 34. Ke3 Re8+ 35. Kd3 Re1 36. Ne3 Rh1 37. Rd8+ Kf7 38. Ng4 h5 39. Ne5+ Kf6
40. Rh8 Rd1+ 41. Kc2 Rxd4 42. Rxh5 1/2-1/2

[Event "September Mini-Swiss"]
[Site "East Detroit, Mich."]
[Date "1978.09.16"]
[Round "1"]
[White "LaForge, Thomas"]
[Black "Moody, David"]
[Result "0-1"]
[WhiteElo "1888"]
[BlackElo "1703"]
[PlyCount "98"]
[EventDate "1978.09.16"]

1. e4 e5 2. Nf3 Nc6 3. Bb5 a6 4. Ba4 Nf6 5. O-O Be7 6. Re1 b5 7. Bb3 O-O 8. d4
d6 9. h3 exd4 10. Nxd4 Nxd4 11. Qxd4 c5 12. Qd3 c4 13. Bxc4 bxc4 14. Qxc4 Be6
15. Qa4 d5 16. e5 Ne4 17. Be3 Qc7 18. Bd4 Rfc8 19. c3 Bc5 20. Na3 Bxd4 21. Qxd4
Qe7 22. f3 Nxc3 23. Re3 Nb5 24. Nxb5 axb5 25. Qd3 Qc5 26. Kh2 d4 27. Ree1 Rxa2
28. Rac1 Qb4 29. Rxc8+ Bxc8 30. Qc2 Be6 31. Qc7 h6 32. Re2 d3 33. Qd8+ Kh7 34.
Qxd3+ g6 35. Qb1 Qa4 36. g3 Ra1 37. Qd3 Qd1 38. Qxd1 Rxd1 39. h4 Bd5 40. Rf2
Re1 41. Rd2 Bxf3 42. g4 Re2+ 43. Rxe2 Bxe2 44. g5 h5 45. Kg3 Bc4 46. Kf4 Kg7
47. Ke3 Kf8 48. Kd4 Ke7 49. b3 Bxb3 0-1

[Event "Chess Day Tornado"]
[Site "Dearborn, Mich."]
[Date "1978.10.07"]
[Round "2"]
[White "Moody, David"]
[Black "Stockham, James"]
[Result "0-1"]
[WhiteElo "1721"]
[BlackElo "1400"]
[PlyCount "76"]
[EventDate "1978.10.07"]

1. e4 c5 2. Nf3 Nc6 3. d4 cxd4 4. Nxd4 e6 5. Be3 Nf6 6. Nd2 d6 7. f4 Be7 8. Be2
Bd7 9. c4 Qa5 10. O-O Rc8 11. g4 Nxd4 12. Bxd4 e5 13. Be3 Bc6 14. g5 Nxe4 15.
Nxe4 Bxe4 16. f5 f6 17. Bh5+ Kd7 18. Qb3 Kc7 19. c5 d5 20. Rac1 Kb8 21. c6 Rc7
22. Bf7 Ka8 23. Rfd1 bxc6 24. Bd2 Qb6+ 25. Be3 Qxb3 26. axb3 d4 27. gxf6 Bxf6
28. Bf2 Bxf5 29. Bd5 Rhc8 30. Rc5 Be7 31. Bxc6+ Rxc6 32. Rxe5 Bc2 33. Rxd4 Bf6
34. Red5 Bxd4 35. Rxd4 Bxb3 36. Rd7 R6c7 37. Rd4 Rc2 38. Kg2 Rf8 0-1

[Event "Chess Day Tornado"]
[Site "Dearborn, Mich."]
[Date "1978.10.07"]
[Round "3"]
[White "Lewis, Derrick"]
[Black "Moody, David"]
[Result "1/2-1/2"]
[WhiteElo "1640"]
[BlackElo "1721"]
[PlyCount "42"]
[EventDate "1978.10.07"]

1. e4 e5 2. Nf3 Nc6 3. Bb5 a6 4. Ba4 Nf6 5. O-O Be7 6. Re1 b5 7. Bb3 O-O 8. c3
d5 9. d3 dxe4 10. dxe4 Qxd1 11. Bxd1 Rd8 12. Nbd2 Nd7 13. Nf1 Nc5 14. Bc2 Nd3
15. Rd1 Nxc1 16. Rxd8+ Bxd8 17. Rxc1 f6 18. Ne3 Be6 19. a4 g6 20. Rd1 Be7 21.
Nd5 Bxd5 1/2-1/2

[Event "Chess Day Tornado"]
[Site "Dearborn, Mich."]
[Date "1978.10.07"]
[Round "1"]
[White "Halbfinger, Charles"]
[Black "Moody, David"]
[Result "0-1"]
[WhiteElo "1514"]
[BlackElo "1721"]
[PlyCount "52"]
[EventDate "1978.10.07"]

1. e4 e5 2. Nf3 Nc6 3. Bc4 Nf6 4. Nc3 Nxe4 5. Bxf7+ Kxf7 6. Nxe4 d5 7. Neg5+
Kg8 8. d4 h6 9. Nh3 Bg4 10. dxe5 Nxe5 11. Nf4 Qd6 12. Qxd5+ Qxd5 13. Nxd5 Nxf3+
14. gxf3 Bxf3 15. Nxc7 Rc8 16. Rg1 Rxc7 17. c3 Bd6 18. h3 Kf7 19. Kd2 Re8 20.
Kc2 Re2+ 21. Kb3 Bd5+ 22. Ka4 Rc4+ 23. b4 Bc6+ 24. Kb3 Bd5 25. Be3 Rxb4+ 26.
Ka3 Rd4# 0-1

[Event "October Mini-Swiss"]
[Site "East Detroit, Mich."]
[Date "1978.10.14"]
[Round "3"]
[White "Sveen, Larry"]
[Black "Moody, David"]
[Result "1-0"]
[WhiteElo "1708"]
[BlackElo "1721"]
[PlyCount "57"]
[EventDate "1978.10.14"]

1. e4 e5 2. Nf3 Nc6 3. c3 Nf6 4. d4 exd4 5. e5 Ne4 6. Qe2 Nc5 7. cxd4 Na4 8.
Qe4 Bb4+ 9. Bd2 Qe7 10. Nc3 Nxb2 11. d5 f5 12. Qxf5 Bxc3 13. Bxc3 Na4 14. Bd2
Nd8 15. Bc4 Nb6 16. Bb3 d6 17. e6 c6 18. Bg5 Qc7 19. Bxd8 Kxd8 20. dxc6 bxc6
21. O-O Qe7 22. Rfe1 g6 23. Qd3 Re8 24. Nd4 Bb7 25. Rac1 Rc8 26. Kf1 Nd5 27.
Bxd5 cxd5 28. Rxc8+ Bxc8 29. Nc6+ 1-0

[Event "October Mini-Swiss"]
[Site "East Detroit, Mich."]
[Date "1978.10.14"]
[Round "2"]
[White "Moody, David"]
[Black "D'Arcy, Michael"]
[Result "1-0"]
[WhiteElo "1721"]
[BlackElo "1688"]
[PlyCount "93"]
[EventDate "1978.10.14"]

1. e4 c5 2. Nf3 d6 3. d4 cxd4 4. Nxd4 Nf6 5. Nc3 g6 6. Be3 Bg7 7. f3 Nc6 8. Bc4
O-O 9. Qd2 Bd7 10. O-O-O Qa5 11. Kb1 Rfc8 12. Bb3 Ne5 13. Bh6 Bxh6 14. Qxh6 Nc4
15. Bxc4 Rxc4 16. Nde2 Rac8 17. h4 b5 18. h5 Qd8 19. hxg6 Qf8 20. gxh7+ Kh8 21.
Qxf8+ Rxf8 22. Nd5 Nxd5 23. Rxd5 Rfc8 24. c3 b4 25. Rd4 bxc3 26. Rxc4 Rxc4 27.
Nxc3 f5 28. Kc2 fxe4 29. fxe4 Be8 30. Kd3 Rb4 31. b3 Bg6 32. g4 d5 33. g5 Bxe4+
34. Nxe4 Rxe4 35. g6 Rg4 36. Rh6 e5 37. b4 Rg3+ 38. Ke2 d4 39. Rh5 Rxg6 40.
Rxe5 Rg2+ 41. Kd3 Rxa2 42. Re7 Ra4 43. b5 Ra5 44. Rb7 a6 45. b6 Ra4 46. Ra7 Rb4
47. b7 1-0

[Event "October Mini-Swiss"]
[Site "East Detroit, Mich."]
[Date "1978.10.14"]
[Round "1"]
[White "Hamel, Don"]
[Black "Moody, David"]
[Result "1-0"]
[WhiteElo "1576"]
[BlackElo "1721"]
[PlyCount "97"]
[EventDate "1978.10.14"]

1. d4 Nf6 2. c4 c5 3. d5 e6 4. Nc3 exd5 5. cxd5 d6 6. e4 g6 7. Nf3 Bg7 8. Be2
O-O 9. O-O Re8 10. Nd2 Na6 11. Bxa6 bxa6 12. Re1 Rb8 13. Qc2 Ng4 14. Nc4 Qh4
15. Bf4 Bd4 16. Bg3 Qf6 17. Re2 Ne5 18. Nxe5 Bxe5 19. Bxe5 Qxe5 20. b3 Bg4 21.
f3 Bd7 22. a4 Qd4+ 23. Kh1 f5 24. Rb1 fxe4 25. fxe4 Qb4 26. h3 c4 27. bxc4 Qxc4
28. Rxb8 Rxb8 29. Qd2 Rb3 30. Re3 Qf1+ 31. Kh2 Qf4+ 32. g3 Qh6 33. h4 Bxa4 34.
Qd4 Bb5 35. Nd1 Rxe3 36. Nxe3 Qg7 37. Qb4 Qc7 38. Qb2 Bd7 39. Qf6 a5 40. h5
gxh5 41. Qg5+ Kf8 42. Qf6+ Ke8 43. Qh8+ Ke7 44. Qxh7+ Kd8 45. Qh8+ Be8 46. Nf5
a4 47. Qf6+ Kc8 48. Nxd6+ Kd7 49. Qe6+ 1-0

[Event "November Mini-Swiss"]
[Site "East Detroit, Mich."]
[Date "1978.11.18"]
[Round "2"]
[White "Thomas, Johnny"]
[Black "Moody, David"]
[Result "1-0"]
[WhiteElo "1662"]
[BlackElo "1721"]
[PlyCount "49"]
[EventDate "1978.11.18"]

1. e4 e5 2. Nf3 Nc6 3. Bb5 a6 4. Ba4 Nf6 5. O-O Be7 6. Qe2 b5 7. Bb3 O-O 8. c3
d5 9. exd5 Nxd5 10. d4 exd4 11. Rd1 Re8 12. Nxd4 Nxd4 13. cxd4 Nf6 14. Bg5 Bd6
15. Bxf6 gxf6 16. Qh5 Qe7 17. Nd2 Qf8 18. Bd5 Rb8 19. Ne4 Be7 20. Rd3 f5 21.
Rg3+ Kh8 22. Bxf7 Bb7 23. Bg6 h6 24. Bxe8 Rxe8 25. Rg6 1-0

[Event "November Mini-Swiss"]
[Site "East Detroit, Mich."]
[Date "1978.11.18"]
[Round "3"]
[White "Moody, David"]
[Black "Stanfield, Larry"]
[Result "1/2-1/2"]
[WhiteElo "1721"]
[BlackElo "1571"]
[PlyCount "131"]
[EventDate "1978.11.18"]

1. Nc3 b6 2. e4 Bb7 3. d4 e6 4. Nf3 Nf6 5. Bg5 Be7 6. e5 Ne4 7. Bxe7 Qxe7 8.
Bd3 f5 9. Qe2 Nxc3 10. bxc3 Qa3 11. Qd2 Bxf3 12. gxf3 Nc6 13. Ke2 Ne7 14. Rhb1
Nd5 15. Rb3 Qf8 16. c4 Ne7 17. Kf1 Qf7 18. Be2 O-O 19. f4 d5 20. Rg3 Kh8 21.
Kg2 Rad8 22. cxd5 Nxd5 23. c4 Ne7 24. Rd3 Rd7 25. Rd1 Rfd8 26. Bf3 c6 27. a4 h6
28. Kf1 Qg8 29. Ke2 g5 30. Qe1 g4 31. Bg2 Ng6 32. Ke3 Ne7 33. Qh1 Rc7 34. d5
exd5 35. cxd5 cxd5 36. Bxd5 Nxd5+ 37. Rxd5 Rxd5 38. Qxd5 Rc3+ 39. Ke2 Rc2+ 40.
Ke1 Qxd5 41. Rxd5 Rc7 42. Rd6 Kg7 43. Rf6 Rf7 44. Rxf7+ Kxf7 45. Kd2 Ke6 46.
Kc3 Kd5 47. Kb4 a6 48. Kb3 Kc5 49. Kc3 Kd5 50. Kb4 h5 51. Kc3 Kc5 52. Kb3 Kd5
53. Kb4 h4 54. Kc3 Kc5 55. Kb3 h3 56. Kc3 a5 57. Kc2 Kd5 58. Kd3 Kc5 59. Ke3
Kd5 60. Kd3 Kc5 61. e6 Kd6 62. Kc4 Kxe6 63. Kb5 Kd5 64. Kxb6 Ke4 65. Kxa5 Kf3
66. Kb4 1/2-1/2

[Event "November Mini-Swiss"]
[Site "East Detroit, Mich."]
[Date "1978.11.18"]
[Round "1"]
[White "Moody, David"]
[Black "Edie, Ralph"]
[Result "1-0"]
[WhiteElo "1721"]
[BlackElo "1573"]
[PlyCount "68"]
[EventDate "1978.11.18"]

1. e4 e5 2. Nf3 Nc6 3. Bb5 a6 4. Ba4 Nf6 5. O-O Be7 6. Bxc6 dxc6 7. Nc3 Bg4 8.
h3 Bxf3 9. Qxf3 Nd7 10. d3 f6 11. Qh5+ g6 12. Qg4 Nf8 13. Be3 Qd7 14. Qxd7+
Nxd7 15. d4 b5 16. dxe5 Nxe5 17. b3 O-O-O 18. Ne2 h5 19. f4 Nd7 20. Nd4 Nb8 21.
Ne6 Rd6 22. f5 g5 23. Rad1 Nd7 24. Bd4 c5 25. Bc3 b4 26. Bb2 Nf8 27. e5 Rxd1
28. Rxd1 Nxe6 29. exf6 Bxf6 30. Bxf6 Rf8 31. fxe6 Rxf6 32. e7 Re6 33. Rd8+ Kb7
34. e8=Q Rxe8 1-0

[Event "December Mini-Swiss"]
[Site "East Detroit, Mich."]
[Date "1978.12.09"]
[Round "1"]
[White "Moody, David"]
[Black "Stanfield, Larry"]
[Result "1-0"]
[WhiteElo "1721"]
[BlackElo "1573"]
[PlyCount "79"]
[EventDate "1978.12.09"]

1. e4 e6 2. d4 b6 3. e5 Bb7 4. Nf3 c5 5. Bg5 f6 6. Bh4 Be7 7. Bd3 Nc6 8. exf6
Nxf6 9. Ne5 O-O 10. Bxf6 Nxe5 11. Bxe5 Qe8 12. Nc3 d6 13. Bg3 Bxg2 14. Rg1 Bf3
15. Be2 Qh5 16. dxc5 Bxe2 17. Qxe2 Qxe2+ 18. Kxe2 bxc5 19. Rad1 d5 20. Be5 Bf6
21. Bxf6 Rxf6 22. Rd3 Raf8 23. Nd1 Rf4 24. Rgg3 Ra4 25. Ra3 Rxa3 26. Rxa3 Rf7
27. Ra6 Rf6 28. Kf1 e5 29. Rxf6 gxf6 30. Nc3 d4 31. Ne4 Kf7 32. Nxc5 Ke7 33.
Ke2 Kd6 34. Ne4+ Ke6 35. Kd3 h6 36. b4 f5 37. Ng3 Kf6 38. a4 Kg5 39. b5 Kg4 40.
a5 1-0

[Event "December Mini-Swiss"]
[Site "East Detroit, Mich."]
[Date "1978.12.09"]
[Round "2"]
[White "Moody, David"]
[Black "Esselink, Leonard"]
[Result "0-1"]
[WhiteElo "1721"]
[BlackElo "2005"]
[PlyCount "94"]
[EventDate "1978.12.09"]

1. e4 e5 2. Nf3 Nc6 3. Bb5 a6 4. Ba4 Nf6 5. O-O Nxe4 6. d4 b5 7. Bb3 d5 8. dxe5
Be6 9. c3 Be7 10. Re1 Qd7 11. Nd4 Nxd4 12. cxd4 Bf5 13. Nc3 Nxc3 14. bxc3 O-O
15. Qf3 c6 16. Qg3 Qe6 17. Bg5 Bxg5 18. Qxg5 a5 19. Qd2 Qg6 20. Re3 Qg5 21. Qe2
a4 22. Bc2 Bxc2 23. Qxc2 Rae8 24. Rae1 Re6 25. Rg3 Qe7 26. Rh3 f5 27. f4 Rg6
28. Ree3 Qe6 29. Qf2 Qe7 30. Qc2 Rg4 31. Qf2 c5 32. Rhg3 cxd4 33. cxd4 Rxg3 34.
Qxg3 Qb4 35. a3 Qxd4 36. e6 Re8 37. Qf2 Rc8 38. h3 Kf8 39. Qe2 Ke7 40. Kh2
Qxf4+ 41. g3 Qc4 42. Qh5 Rf8 43. Qg5+ Kd6 44. e7 Qc2+ 45. Kg1 Re8 46. Qxg7 Qc1+
47. Kf2 Qxe3+ 0-1

[Event "December Mini-Swiss"]
[Site "East Detroit, Mich."]
[Date "1978.12.09"]
[Round "3"]
[White "Edie, Ralph"]
[Black "Moody, David"]
[Result "0-1"]
[WhiteElo "1573"]
[BlackElo "1721"]
[PlyCount "100"]
[EventDate "1978.12.09"]

1. e4 e5 2. Nf3 Nc6 3. Bb5 a6 4. Ba4 Nf6 5. O-O Be7 6. Re1 b5 7. Bb3 O-O 8. Nc3
d6 9. Nd5 Bg4 10. c3 Na5 11. Nxe7+ Qxe7 12. Bc2 c5 13. d4 Rfd8 14. d5 h6 15. h3
Bh5 16. b3 Rf8 17. Qd2 Bxf3 18. gxf3 Nh5 19. Qe2 Qh4 20. Kh2 Nf4 21. Bxf4 Qxf4+
22. Kh1 Nb7 23. Rg1 h5 24. Rg3 Kh8 25. Rag1 Rg8 26. Qe3 f6 27. Rg6 Nd8 28. R1g2
Nf7 29. R6g3 Nh6 30. Kg1 g5 31. Kf1 Qxe3 32. fxe3 h4 33. Rg4 Nxg4 34. Rxg4 Kh7
35. Ke2 a5 36. Kd2 a4 37. c4 Rgb8 38. f4 Kh6 39. cxb5 axb3 40. Bxb3 Rxb5 41.
Kc3 Rb4 42. f5 Kg7 43. Kb2 c4 44. Kc3 cxb3 45. axb3 Rab8 46. Kd3 Rxb3+ 47. Kd2
Rb2+ 48. Kc1 Rh2 49. Rg1 Rbb2 50. Rd1 Rhc2# 0-1

[Event "January Mini-Swiss"]
[Site "East Detroit, Mich."]
[Date "1979.01.13"]
[Round "1"]
[White "Moody, David"]
[Black "Franke, Rudolf"]
[Result "1/2-1/2"]
[WhiteElo "1761"]
[BlackElo "1656"]
[PlyCount "107"]
[EventDate "1979.01.13"]

1. e4 e6 2. d4 d5 3. Nc3 Bb4 4. e5 c5 5. a3 Bxc3+ 6. bxc3 Qc7 7. Nf3 Ne7 8. a4
Nbc6 9. Ba3 c4 10. Be2 Bd7 11. O-O O-O 12. Qd2 a6 13. Rfb1 b6 14. Bd6 Qd8 15.
Qg5 Re8 16. Qh5 h6 17. g4 Ng6 18. Bf1 Nf4 19. Qh4 Qxh4 20. Nxh4 b5 21. axb5
axb5 22. Rxa8 Rxa8 23. Rxb5 g5 24. Nf3 Nxe5 25. Bxe5 Bxb5 26. h4 gxh4 27. Bxf4
Kg7 28. Bd6 Ra2 29. Nxh4 Rxc2 30. Bb4 Ra2 31. Kg2 Ba4 32. Kg3 Bc2 33. Bg2 Ra1
34. f4 Ba4 35. f5 Bd7 36. Kf4 Ra2 37. Ke5 Re2+ 38. Kd6 Bc8 39. Kc7 Ba6 40. fxe6
fxe6 41. Kd7 Kf7 42. Bf3 Re1 43. Kc6 Bc8 44. Kc7 Ba6 45. Kd7 Bb5+ 46. Kd6 Ra1
47. Ke5 Re1+ 48. Kf4 Ba4 49. g5 hxg5+ 50. Kxg5 Rg1+ 51. Kf4 Rf1 52. Ke5 Re1+
53. Kd6 Re3 54. Kc5 1/2-1/2

[Event "January Mini-Swiss"]
[Site "East Detroit, Mich."]
[Date "1979.01.13"]
[Round "3"]
[White "Edie, Ralph"]
[Black "Moody, David"]
[Result "0-1"]
[WhiteElo "1590"]
[BlackElo "1761"]
[PlyCount "56"]
[EventDate "1979.01.13"]

1. d4 Nf6 2. c4 c5 3. d5 e6 4. dxe6 fxe6 5. Nc3 d5 6. cxd5 exd5 7. Bg5 d4 8.
Bxf6 gxf6 9. Ne4 Bf5 10. Ng3 Bg6 11. Qa4+ Nc6 12. Nf3 a6 13. Nh4 b5 14. Qd1 Bh6
15. e3 Qa5+ 16. Qd2 Qxd2+ 17. Kxd2 dxe3+ 18. fxe3 O-O-O+ 19. Kc3 Bxe3 20. Nxg6
hxg6 21. a3 Rh4 22. Be2 Rd2 23. Rad1 Rhd4 24. Rhf1 Ne7 25. Rxd2 Rxd2 26. Rd1
Nd5+ 27. Kb3 c4+ 28. Ka2 Nc3+ 0-1

[Event "January Mini-Swiss"]
[Site "East Detroit, Mich."]
[Date "1979.01.13"]
[Round "2"]
[White "Chapla, Michael"]
[Black "Moody, David"]
[Result "1-0"]
[WhiteElo "1720"]
[BlackElo "1761"]
[PlyCount "59"]
[EventDate "1979.01.13"]

1. e4 e5 2. Nf3 Nc6 3. Bc4 Bc5 4. c3 Nf6 5. d4 exd4 6. cxd4 Bb4+ 7. Bd2 Bxd2+
8. Nbxd2 d5 9. exd5 Nxd5 10. Qb3 Be6 11. Qxb7 Ndb4 12. Bb5 Bd7 13. Bxc6 Qe7+
14. Be4 Bc6 15. Qxb4 Qxb4 16. Bxc6+ Ke7 17. Bxa8 Rxa8 18. O-O Qxb2 19. Rfe1+
Kf8 20. Nc4 Qc2 21. Rec1 Qa4 22. Ne3 Qa5 23. Rc5 Qb6 24. Rac1 Rc8 25. Nd5 Qg6
26. Nxc7 Rb8 27. Nd5 Qa6 28. Ne5 Kg8 29. Ne7+ Kh8 30. Rc8+ 1-0

[Event "February Mini-Swiss"]
[Site "East Detroit, Mich."]
[Date "1979.02.17"]
[Round "3"]
[White "Moody, David"]
[Black "Zaft, Sylvan"]
[Result "1/2-1/2"]
[WhiteElo "1761"]
[BlackElo "1808"]
[PlyCount "53"]
[EventDate "1979.02.17"]

1. Nc3 d5 2. e4 c6 3. d4 dxe4 4. Nxe4 Nd7 5. Qe2 e6 6. Bf4 Ngf6 7. O-O-O Nxe4
8. Qxe4 Nf6 9. Qd3 Bd6 10. Bxd6 Qxd6 11. h3 O-O 12. Nf3 c5 13. Be2 b6 14. Qa3
Qf4+ 15. Qe3 Nd5 16. Qd2 cxd4 17. g3 Qxd2+ 18. Rxd2 Bb7 19. Rxd4 Rac8 20. Rhd1
h6 21. Kb1 Rc7 22. Ne5 Rfc8 23. c4 Nf6 24. Rd8+ Rxd8 25. Rxd8+ Kh7 26. Rf8 Be4+
27. Kc1 1/2-1/2